000 00216 a2200097 4500
001 15016
100 _aSlater J.C
245 _aMicrowave electronics
260 _aNew York
_bD Van nostrand
_c
090 _c11771
_d11771
942 _aNUST-CAE
_cM
_c1971
999 _c250089
_d250089